Culture Générale - Série 2606 - Statistiques

Statistiques générales
  • Ce quiz a été pris 99 fois
  • Le résultat moyen est 4 sur 10
Statistiques - réponses
Question Réponse % Correct
Quel romancier russe a écrit "Guerre et paix" en 1865-1869 ? Tolstoï
74%
De quel archipel fait partie l'île de Majorque ? Baléares
72%
Qui a peint "La liberté guidant le peuple" en 1830 ? prénom et nom Eugène Delacroix
59%
Quel amiral anglais défit la la flotte franco-espagnole à Trafalgar en 1805 ? Nelson
59%
Pierre précieuse - Titre d'un livre de Marcel Pagnol topaze
48%
A qui attribue-t-on le roman semi-autobiographique paru en 1900 "Claudine à l'école" ? Colette
38%
Evêque de Noyon, il était aussi le ministre des Finances du roi Dagobert I. Eloi
32%
Rouge vif tirant sur l'orangé. vermillon
31%
Type d’habitation traditionnelle construite par les Amérindiens semi-nomades d’Amérique du Nord - 6 lettres commençant par " w" wigwam
18%
Quel est le premier boxeur professionnel français (1894-1975) à devenir champion du monde de boxe anglaise en 1920 ? - prénom et nom Georges Carpentier
4%
Aucun quiz correspondant
Distribution des résultats
% des personnes avec chaque résultat
Percentile par nombre de réponses
Votre historique - résultats
Vous n’avez pas pris ce quiz